University physics

Spremljeno u:
Bibliografski detalji
Glavni autor: Hugh D Young
Format: Knjiga
Jezik:Undetermined
Izdano: Reading, Massachusetts Addison-Wesley 1996
Teme:
Oznake: Dodaj oznaku
Bez oznaka, Budi prvi tko označuje ovaj zapis!
Thư viện lưu trữ: Trung tâm Học liệu Trường Đại học Cần Thơ
LEADER 00502nam a2200193Ia 4500
001 CTU_22866
008 210402s9999 xx 000 0 und d
020 |b 249.5df 
082 |a 530 
082 |b Y72 
100 |a Hugh D Young 
245 0 |a University physics 
245 0 |c Hugh D Young, Roger A Freeman 
260 |a Reading, Massachusetts 
260 |b Addison-Wesley 
260 |c 1996 
650 |a physics 
904 |i Minh, 980626 
980 |a Trung tâm Học liệu Trường Đại học Cần Thơ